<?xml version="1.0" encoding="UTF-8"?><?xml-stylesheet type="text/xsl" href="static/style.xsl"?><OAI-PMH xmlns="http://www.openarchives.org/OAI/2.0/" xmlns:xsi="http://www.w3.org/2001/XMLSchema-instance" xsi:schemaLocation="http://www.openarchives.org/OAI/2.0/ http://www.openarchives.org/OAI/2.0/OAI-PMH.xsd"><responseDate>2026-04-28T19:01:08Z</responseDate><request verb="GetRecord" identifier="oai:uvadoc.uva.es:10324/84286" metadataPrefix="marc">https://uvadoc.uva.es/oai/request</request><GetRecord><record><header><identifier>oai:uvadoc.uva.es:10324/84286</identifier><datestamp>2026-04-24T19:00:35Z</datestamp><setSpec>com_10324_1132</setSpec><setSpec>com_10324_931</setSpec><setSpec>com_10324_894</setSpec><setSpec>col_10324_1205</setSpec></header><metadata><record xmlns="http://www.loc.gov/MARC21/slim" xmlns:doc="http://www.lyncode.com/xoai" xmlns:xsi="http://www.w3.org/2001/XMLSchema-instance" xmlns:dcterms="http://purl.org/dc/terms/" xsi:schemaLocation="http://www.loc.gov/MARC21/slim http://www.loc.gov/standards/marcxml/schema/MARC21slim.xsd">
<leader>00925njm 22002777a 4500</leader>
<datafield tag="042" ind1=" " ind2=" ">
<subfield code="a">dc</subfield>
</datafield>
<datafield tag="720" ind1=" " ind2=" ">
<subfield code="a">Diez Hermano, Sergio</subfield>
<subfield code="e">author</subfield>
</datafield>
<datafield tag="720" ind1=" " ind2=" ">
<subfield code="a">Sánchez Jiménez, Abel</subfield>
<subfield code="e">author</subfield>
</datafield>
<datafield tag="720" ind1=" " ind2=" ">
<subfield code="a">Aparicio Rodríguez, Gonazalo</subfield>
<subfield code="e">author</subfield>
</datafield>
<datafield tag="720" ind1=" " ind2=" ">
<subfield code="a">Manubens, Paloma</subfield>
<subfield code="e">author</subfield>
</datafield>
<datafield tag="720" ind1=" " ind2=" ">
<subfield code="a">Calvo Tapia, Carlos</subfield>
<subfield code="e">author</subfield>
</datafield>
<datafield tag="720" ind1=" " ind2=" ">
<subfield code="a">Villacorta Atienza, José Antonio</subfield>
<subfield code="e">author</subfield>
</datafield>
<datafield tag="260" ind1=" " ind2=" ">
<subfield code="c">2026</subfield>
</datafield>
<datafield tag="520" ind1=" " ind2=" ">
<subfield code="a">Statistical inference often relies on p-values to test the absence of effects, but in large datasets, even negligible differences become significant. Evaluating the practical, biological, or clinical magnitude of effects therefore becomes essential. Standardized measures, like Cohen’s d, enable broad comparisons but can obscure practical meaning, like dimensional metrics, such as confidence intervals, which in addition lack standardization. We introduce the similarity structure, a general framework that estimates the probability distribution of sizes of similar subsamples. This method is applicable to any data type, dimensionality or statistical test, and quantifies the effect size as the expected number of observations under similarity, providing a practical interpretation in terms of experimental effort, and extends Cohen’s d effect sizes to parameters beyond the mean. The method also enables the comparison of effect sizes –within the same study or across studies–through direct statistical inference, clarifying the relevance of observed differences. The similarity structure, applied here to real datasets, offers a general, transparent and versatile approach for interpreting and comparing effects in large-sample studies.</subfield>
</datafield>
<datafield tag="024" ind2=" " ind1="8">
<subfield code="a">PNAS Nexus (en revisión, preprint)</subfield>
</datafield>
<datafield tag="024" ind2=" " ind1="8">
<subfield code="a">https://uvadoc.uva.es/handle/10324/84286</subfield>
</datafield>
<datafield tag="245" ind1="0" ind2="0">
<subfield code="a">Real significance in large datasets: the similarity structure, a general method to assess the effect size beyond p-value</subfield>
</datafield>
</record></metadata></record></GetRecord></OAI-PMH>